Statistics for Philippine Languages

Click here to take the quiz!

General Stats

  • This quiz has been taken 30 times
  • The average score is 10 of 33

Answer Stats

Answer% Correct
Tagalog
96%
Ilocano
70%
Cebuano
67%
Hiligaynon
59%
Waray
56%
Kapampangan
52%
Bikol
48%
Pangasinan
41%
Tausug
41%
Maranao
37%
Maguindanao
33%
Ifugao
30%
Ivatan
26%
Surigaonon
26%
Aklanon
22%
Ibanag
22%
Kinaray-a
22%
Kalinga
19%
Kankana-ey
19%
Bolinao
15%
Iranun
15%
Kamayo
15%
Masbatenyo
15%
Romblomanon
15%
Bantik
11%
Cuyonon
11%
Sangirese
11%
Talaud
11%
Tao
11%
Tondano
11%
Tonsawang
11%
Tonsea
11%
Zambal
11%

Score Distribution

Percentile by Number Answered

Percent of People with Each Score

Your Score History

You have not taken this quiz